| 000 | 00361nam a2200145Ia 4500 | ||
|---|---|---|---|
| 008 | 150201s2005 xx 000 0 und d | ||
| 082 |
_a617 _bC05K |
||
| 100 | _aKAPUR , MM. | ||
| 245 | 2 | _aA COMPLETE HOSPITAL MANUAL OF INSTRUMENT AND PROCODURES | |
| 250 | _a1ST | ||
| 260 |
_bJAYPEE _aDELHI _c2005 |
||
| 300 | _a1-688 | ||
| 650 | _aSURGERY | ||
| 942 |
_2ddc _cBK _01 |
||
| 999 |
_c1346 _d1346 |
||